| 000 | 00712cam a2200217 a 4500 | ||
|---|---|---|---|
| 001 | 13442270 | ||
| 005 | 20250322111701.0 | ||
| 008 | 031222s2005 maua b 001 0 eng | ||
| 020 | _a0205410375 (pbk.) | ||
| 020 | _a9780205410378 | ||
| 050 | 0 | 0 |
_aLB1573.3 _b.C86 2005 |
| 082 | 0 | 0 |
_a372.46/5 _222 |
| 100 | 1 | _aCunningham, Patricia Marr. | |
| 245 | 1 | 0 |
_aPhonics they use : _bwords for reading and writing / _cPatricia M. Cunningham. |
| 250 | _a4th ed. | ||
| 260 |
_aBoston : _bPearson/Allyn & Bacon, _cc2005. |
||
| 300 |
_axi, 212 p. : _bill. ; _c24 cm. |
||
| 650 | 0 |
_aReading _xPhonetic method. |
|
| 650 | 0 |
_aEnglish language _xStudy and teaching (Elementary) _xActivity programs. |
|
| 942 |
_2lcc _cBK _e4th Ed. _n0 |
||
| 999 |
_c5078 _d5078 |
||